[Event "Kuwait Blitz (Women) op"]
[Site "Kuwait"]
[Date "2023.12.02"]
[Round "6"]
[White "Abdulzahra, Sali Abbas"]
[Black "Al Khelaifi, Aisha"]
[Result "1-0"]
[WhiteElo "1730"]
[BlackElo "1573"]
[PlyCount "69"]
[EventDate "2023.12.01"]
[EventType "swiss (blitz)"]
[EventRounds "9"]
[EventCountry "KUW"]
[SourceTitle "CB50_2023"]
[SourceDate "2023.12.13"]
[SourceVersion "1"]
[SourceVersionDate "2023.12.13"]
[SourceQuality "1"]

1. e4 c6 2. d4 d5 3. exd5 cxd5 4. Bd3 Nf6 5. h3 Nc6 6. c3 Qc7 7. Nf3 e5 8. dxe5 Nxe5 9. Qe2 Bd6 10. Nxe5 0-0 11. Nf3 Re8 12. Be3 Bf4 13. 0-0 Bxe3 14. fxe3 Qg3 15. Qf2 Qc7 16. Nbd2 Qb6 17. Nb3 Rxe3 18. Rad1 a5 19. Nbd4 Re8 20. Rde1 Bd7 21. Ne5 Qc7 22. Nxd7 Qxd7 23. Bb5 Qc7 24. Bxe8 Rxe8 25. Rxe8+ Nxe8 26. Qf4 Qe7 27. Nf5 Qd7 28. Qe5 f6 29. Qe7 Qc6 30. Re1 Qb6+ 31. Kh1 h6 32. Qxe8+ Kh7 33. Qe7 Kg6 34. Qxg7+ Kxf5 35. Qg4# 1-0

[Event "Kuwait Blitz (Women) op"]
[Site "Kuwait"]
[Date "2023.12.02"]
[Round "7"]
[White "Al Aisaee, Anat"]
[Black "Al Khelaifi, Aisha"]
[Result "0-1"]
[WhiteElo "1493"]
[BlackElo "1573"]
[PlyCount "48"]
[EventDate "2023.12.01"]
[EventType "swiss (blitz)"]
[EventRounds "9"]
[EventCountry "KUW"]
[SourceTitle "CB50_2023"]
[SourceDate "2023.12.13"]
[SourceVersion "1"]
[SourceVersionDate "2023.12.13"]
[SourceQuality "1"]

1. e4 c6 2. Nc3 d5 3. Nf3 dxe4 4. Nxe4 Nf6 5. Qe2 Nd5 6. d3 Bg4 7. h3 Bh5 8. g4 Bg6 9. Ne5 Bxe4 10. dxe4 Nf6 11. Bg2 Qa5+ 12. Bd2 Qxe5 13. Bc3 Qc7 14. 0-0 Nbd7 15. Rad1 e6 16. g5 Ng8 17. a4 Ne7 18. a5 Ng6 19. Qd2 Rd8 20. a6 Nc5 21. Qe3 Nxa6 22. Rxd8+ Qxd8 23. Ra1 Bc5 24. Qf3 0-0 0-1

[Event "Asian Games (Women)"]
[Site "Hangzhou"]
[Date "2023.09.24"]
[Round "2"]
[White "Abdumalik, Zhansaya"]
[Black "Al Khelaifi, Aisha"]
[Result "1-0"]
[WhiteElo "2473"]
[BlackElo "1604"]
[PlyCount "73"]
[EventDate "2023.09.24"]
[EventType "swiss (rapid)"]
[EventRounds "9"]
[EventCountry "CHN"]
[SourceTitle "EXT 2024"]
[Source "ChessBase"]
[SourceDate "2023.10.10"]
[SourceVersion "1"]
[SourceVersionDate "2023.10.10"]
[SourceQuality "1"]

1. e4 e5 2. Nf3 Nf6 3. Nxe5 d6 4. Nf3 Nxe4 5. Nc3 Nxc3 6. dxc3 Be7 7. Be3 Nc6 8. Qd2 Be6 9. 0-0-0 Qd7 10. Kb1 a6 11. h3 0-0-0 12. Ng5 Bxg5 13. Bxg5 f6 14. Be3 Rhe8 15. b3 Bf5 16. Kb2 Re7 17. c4 Qe6 18. Qc3 h6 19. h4 Bh7 20. h5 Ne5 21. c5 d5 22. a4 Qc6 23. Rh4 Nd7 24. g3 Re4 25. Bg2 Rxh4 26. Bxd5 Ne5 27. Bxc6 Rxd1 28. Bxb7+ Kxb7 29. gxh4 Rd8 30. f4 Nc6 31. b4 Re8 32. b5 axb5 33. axb5 Na7 34. c6+ Kb8 35. Bxa7+ Kxa7 36. Qa5+ Kb8 37. Qa6 1-0

[Event "Riadh Rapid op"]
[Site "Riadh"]
[Date "2023.03.18"]
[Round "9"]
[White "Al Khelaifi, Aisha"]
[Black "Saleem, Sawsan Ismail"]
[Result "1-0"]
[WhiteElo "1610"]
[BlackElo "1856"]
[PlyCount "51"]
[EventDate "2023.03.17"]
[EventType "swiss (rapid)"]
[EventRounds "9"]
[EventCountry "SAU"]
[SourceTitle "CBM 213 Extra"]
[Source "ChessBase"]
[SourceDate "2023.05.31"]
[SourceVersion "1"]
[SourceVersionDate "2023.05.31"]
[SourceQuality "1"]

1. e4 e5 2. Nf3 Nc6 3. Bc4 f5 4. d3 fxe4 5. dxe4 Nf6 6. a3 Nxe4 7. 0-0 Bc5 8. Qd5 Qf6 9. Qxe4 d6 10. Bg5 Qg6 11. Nc3 Qxe4 12. Nxe4 h6 13. Bd2 Bf5 14. Nxc5 dxc5 15. Bb3 0-0-0 16. Bc3 e4 17. Ne5 Nxe5 18. Bxe5 Rhe8 19. Bxg7 h5 20. Bf6 Rd6 21. Bh4 Rh8 22. Rad1 Rg6 23. Rfe1 Bh3 24. g3 Bg4 25. Rd2 Rh7 26. Rd8# 1-0

[Event "Riadh Rapid op"]
[Site "Riadh"]
[Date "2023.03.17"]
[Round "1"]
[White "Al Khelaifi, Aisha"]
[Black "Khairallah, Faisal"]
[Result "0-1"]
[WhiteElo "1610"]
[BlackElo "2245"]
[PlyCount "104"]
[EventDate "2023.03.17"]
[EventType "swiss (rapid)"]
[EventRounds "9"]
[EventCountry "SAU"]
[SourceTitle "CBM 213 Extra"]
[Source "ChessBase"]
[SourceDate "2023.05.31"]
[SourceVersion "1"]
[SourceVersionDate "2023.05.31"]
[SourceQuality "1"]

1. e4 c5 2. Nc3 Nc6 3. Bb5 Nd4 4. Nf3 e6 5. 0-0 a6 6. Be2 Ne7 7. d3 Nec6 8. Re1 Be7 9. Bf1 0-0 10. Nxd4 Nxd4 11. Ne2 Nc6 12. Ng3 b5 13. Qg4 Kh8 14. e5 Nd4 15. Qd1 d6 16. c3 Nc6 17. f4 dxe5 18. fxe5 Bb7 19. Bf4 Bg5 20. Qg4 Bxf4 21. Qxf4 Ne7 22. Rad1 Ng6 23. Qe3 Qc7 24. d4 cxd4 25. cxd4 Rac8 26. Ne4 Bxe4 27. Qxe4 Qc2 28. Qe2 Nf4 29. Qd2 Qxd2 30. Rxd2 Rc7 31. g3 Nd5 32. Bd3 Rd8 33. a3 Nb6 34. Bf1 Kg8 35. Kf2 Kf8 36. Red1 Ke7 37. Ke3 f6 38. Ke4 Nd5 39. Bd3 Rdc8 40. g4 Rb8 41. h4 a5 42. Bf1 b4 43. a4 b3 44. Bb5 fxe5 45. Kxe5 Rf8 46. Rd3 Rf4 47. Rg3 Rc2 48. h5 Rff2 49. Rxb3 Rxb2 50. Rxb2 Rxb2 51. Rg1 Rb3 52. Ke4 Re3# 0-1

[Event "Asia-ch Amateur (Women)"]
[Site "Muscat"]
[Date "2022.10.03"]
[Round "7"]
[White "Al Khelaifi, Aisha"]
[Black "Al Kalbani, Wadima"]
[Result "1/2-1/2"]
[WhiteElo "1678"]
[BlackElo "1554"]
[PlyCount "74"]
[EventDate "2022.09.29"]
[EventType "swiss"]
[EventRounds "9"]
[EventCountry "OMN"]
[SourceTitle "CBM 210 Extra"]
[Source "ChessBase"]
[SourceDate "2022.11.30"]
[SourceVersion "1"]
[SourceVersionDate "2022.11.30"]
[SourceQuality "1"]

1. e4 e5 2. Nf3 Nc6 3. Bc4 Nf6 4. d3 Be7 5. 0-0 0-0 6. Re1 d6 7. a4 h6 8. h3 Kh8 9. Nc3 Ng8 10. Nd5 f5 11. a5 a6 12. Ra3 f4 13. c3 Bf6 14. d4 g5 15. Nh2 exd4 16. cxd4 Bxd4 17. Qh5 Bg7 18. b4 Ne5 19. Ba2 Nf6 20. Qe2 Bd7 21. Bb2 Bb5 22. Qc2 Nxd5 23. exd5 Bd7 24. Kh1 Rc8 25. Nf3 Nxf3 26. Bxg7+ Kxg7 27. Rxf3 c6 28. Qc3+ Qf6 29. Qd2 cxd5 30. Bxd5 Rc7 31. g4 Re8 32. Rxe8 Bxe8 33. Rd3 Bc6 34. Kg1 Qe5 35. Kf1 Qa1+ 36. Kg2 Qe5 37. Kf1 Qf6 1/2-1/2

[Event "Asia-ch Amateur (Women)"]
[Site "Muscat"]
[Date "2022.09.29"]
[Round "1"]
[White "Al Khelaifi, Aisha"]
[Black "Dakshikaa, SM."]
[Result "1-0"]
[WhiteElo "1678"]
[BlackElo "1117"]
[PlyCount "127"]
[EventDate "2022.09.29"]
[EventType "swiss"]
[EventRounds "9"]
[EventCountry "OMN"]
[SourceTitle "CBM 210 Extra"]
[Source "ChessBase"]
[SourceDate "2022.11.30"]
[SourceVersion "1"]
[SourceVersionDate "2022.11.30"]
[SourceQuality "1"]

1. e4 e5 2. Nf3 Nc6 3. Bc4 Bc5 4. d3 Nf6 5. c3 d6 6. h3 0-0 7. Bg5 Be6 8. Bb3 Qe7 9. d4 exd4 10. 0-0 Bxb3 11. Qxb3 Bb6 12. cxd4 Nxd4 13. Nxd4 Bxd4 14. Nc3 c6 15. Rad1 Bb6 16. Na4 Qc7 17. Bxf6 gxf6 18. Qg3+ Kh8 19. Qxd6 Qxd6 20. Rxd6 Kg7 21. Nxb6 axb6 22. a3 Rfe8 23. f3 Rad8 24. Rfd1 Rxd6 25. Rxd6 Re7 26. Kf2 Kg6 27. Kg3 b5 28. Kf4 Re6 29. Rd7 b6 30. g4 c5 31. h4 b4 32. axb4 cxb4 33. Rd4 h5 34. Rxb4 Rc6 35. Rb5 hxg4 36. Kxg4 Kh6 37. Rd5 Kg6 38. h5+ Kh6 39. Rd7 Kg7 40. Kf5 Rc5+ 41. Rd5 Rc6 42. b4 Kh6 43. Rd7 Kg7 44. h6+ Kxh6 45. Rxf7 Rd6 46. Rxf6+ Rxf6+ 47. Kxf6 Kh7 48. Kf7 Kh6 49. e5 Kg5 50. e6 Kf4 51. e7 Kxf3 52. e8Q Kf4 53. Qb5 Ke4 54. Qxb6 Kd5 55. Qc7 Kd4 56. b5 Kd5 57. b6 Kd4 58. b7 Kd5 59. b8Q Kd4 60. Qb5 Ke4 61. Qcc4+ Ke3 62. Qbb3+ Kd2 63. Qcc2+ Ke1 64. Qbb1# 1-0

[Event "Online Olym Div4 B"]
[Site "Chess.com INT"]
[Date "2020.08.02"]
[Round "9.3"]
[White "Al Khelaifi, Aisha"]
[Black "De Castro, Neusa Aridas"]
[Result "1-0"]
[WhiteElo "1678"]
[BlackElo "1512"]
[PlyCount "43"]
[EventDate "2020.07.31"]
[EventType "team-tourn (rapid)"]
[EventRounds "9"]
[EventCountry "USA"]
[SourceTitle "CBM 198"]
[Source "ChessBase"]
[SourceDate "2020.10.31"]
[SourceVersion "1"]
[SourceVersionDate "2020.10.31"]
[SourceQuality "1"]
[WhiteTeam "Qatar"]
[BlackTeam "Mozambique"]
[WhiteTeamCountry "QAT"]
[BlackTeamCountry "MOZ"]

1. e4 e6 2. d4 d5 3. Nc3 Nf6 4. Bg5 Be7 5. exd5 Nxd5 6. Bxe7 Nxe7 7. Nf3 Nbc6 8. Bb5 Bd7 9. Qd2 Nf5 10. 0-0-0 Qf6 11. d5 exd5 12. Nxd5 Qd6 13. Qe2+ Nfe7 14. Rhe1 Be6 15. Nf6+ gxf6 16. Rxd6 cxd6 17. Nd4 Kd8 18. Nxe6+ fxe6 19. Qxe6 Re8 20. Qxd6+ Kc8 21. Bxc6 bxc6 22. Rxe7 1-0

[Event "Olympiad Women-42"]
[Site "Baku"]
[Date "2016.09.03"]
[Round "2.47"]
[White "Stojkovska, Monika"]
[Black "Al Khelaifi, Aisha"]
[Result "1-0"]
[WhiteElo "2033"]
[BlackElo "1685"]
[PlyCount "79"]
[EventDate "2016.09.02"]
[EventType "team-swiss"]
[EventRounds "11"]
[EventCountry "AZE"]
[SourceTitle "CBM 174 Extra"]
[Source "ChessBase"]
[SourceDate "2016.10.10"]
[SourceVersion "1"]
[SourceVersionDate "2016.10.10"]
[SourceQuality "1"]
[WhiteTeam "Macedonia (W)"]
[BlackTeam "Qatar (W)"]
[WhiteTeamCountry "MKD"]
[BlackTeamCountry "QAT"]

1. e4 e5 2. Nf3 Nf6 3. d4 exd4 4. e5 Ne4 5. Qxd4 d5 6. exd6 Nxd6 7. Nc3 Nc6 8. Qf4 Be7 9. Bd2 Be6 10. 0-0-0 Qd7 11. Ng5 Bf5 12. Be2 0-0-0 13. g4 Bg6 14. h4 f6 15. Nf3 Kb8 16. Be3 Qe6 17. Qa4 a6 18. Bxa6 Ne4 19. Bb5 Nc5 20. Qc4 Qxc4 21. Bxc4 Ne4 22. Rxd8+ Rxd8 23. h5 Nxc3 24. hxg6 Ne4 25. gxh7 Rh8 26. Bg8 Bd6 27. g5 Ne7 28. Bc4 Nf5 29. Bd3 Nxe3 30. Bxe4 Ng4 31. gxf6 Nxf6 32. Bf5 Bf4+ 33. Kb1 Bh6 34. Ne5 Nxh7 35. Nd7+ Ka7 36. Rh3 b6 37. Be4 Ka6 38. Bc6 Ka5 39. Ra3+ Kb4 40. Ra4# 1-0

[Event "Olympiad Women-41"]
[Site "Tromsoe"]
[Date "2014.08.08"]
[Round "6.1"]
[White "Al Khelaifi, Aisha"]
[Black "Tuominen, Tanja"]
[Result "0-1"]
[WhiteElo "1690"]
[BlackElo "2103"]
[PlyCount "72"]
[EventDate "2014.08.02"]
[EventType "team-swiss"]
[EventRounds "11"]
[EventCountry "NOR"]
[SourceTitle "CBM 162"]
[Source "ChessBase"]
[SourceDate "2014.09.17"]
[SourceVersion "1"]
[SourceVersionDate "2014.09.17"]
[SourceQuality "1"]
[WhiteTeam "Qatar (W)"]
[BlackTeam "Finland (W)"]
[WhiteTeamCountry "QAT"]
[BlackTeamCountry "FIN"]

1. e4 c5 2. Nf3 e6 3. Nc3 Nc6 4. Bb5 Nd4 5. Nxd4 cxd4 6. Ne2 Qg5 7. Bc4 Qxg2 8. Ng3 Qh3 9. d3 Bb4+ 10. Bd2 Bxd2+ 11. Qxd2 Qh4 12. e5 Ne7 13. Qe2 Ng6 14. 0-0-0 Qf4+ 15. Kb1 Qxe5 16. Qd2 b5 17. Rhe1 Qb8 18. Bb3 0-0 19. Ne4 a5 20. a4 bxa4 21. Bxa4 Qb4 22. b3 Rb8 23. Qxb4 Rxb4 24. Rg1 Rd8 25. Nd6 Ba6 26. Rg5 f5 27. Nc4 Nf4 28. Re1 h6 29. Rg3 Nd5 30. Nb2 Nc3+ 31. Ka1 Nxa4 32. Nxa4 Rc8 33. Re2 Bb5 34. Nb2 a4 35. bxa4 Bxa4 36. Nc4 Ra8 0-1

[Event "Asia zt 3.1 (Women)"]
[Site "Doha"]
[Date "2013.05.07"]
[Round "4"]
[White "Jalloul, Maya M"]
[Black "Al Khelaifi, Aisha"]
[Result "1-0"]
[WhiteElo "1962"]
[BlackElo "1681"]
[PlyCount "69"]
[EventDate "2013.05.04"]
[EventType "tourn"]
[EventRounds "9"]
[EventCountry "QAT"]
[SourceTitle "CBM 154 Extra"]
[Source "ChessBase"]
[SourceDate "2013.06.25"]
[SourceVersion "2"]
[SourceVersionDate "2013.06.25"]
[SourceQuality "1"]

1. c4 e5 2. Nc3 Nf6 3. g3 d5 4. cxd5 Nxd5 5. Bg2 Nb6 6. Nf3 Nc6 7. 0-0 Be7 8. d3 Be6 9. Rb1 f6 10. a3 0-0 11. b4 Qd7 12. Ne4 Nd5 13. Bb2 b6 14. Qc2 Rac8 15. Ned2 Bd6 16. Rfc1 Nb8 17. Nc4 Kh8 18. Nfd2 Rfd8 19. Ne4 Bf8 20. Ba1 Bh3 21. Ne3 Nxe3 22. fxe3 Bxg2 23. Kxg2 h6 24. Bc3 Re8 25. Rf1 Nc6 26. Nd2 Nd8 27. Nf3 Nc6 28. Nh4 Ne7 29. e4 Kh7 30. Qb3 Qg4 31. Rf2 Kh8 32. Qf7 Ng8 33. Bd2 h5 34. h3 Qe6 35. Ng6+ 1-0

[Event "Olympiad Women-40"]
[Site "Istanbul"]
[Date "2012.09.01"]
[Round "5.1"]
[White "Lin, Yu Tong Elaine"]
[Black "Al Khelaifi, Aisha"]
[Result "1/2-1/2"]
[WhiteElo "1482"]
[BlackElo "1688"]
[PlyCount "112"]
[EventDate "2012.08.28"]
[EventType "team-swiss"]
[EventRounds "11"]
[EventCountry "TUR"]
[SourceTitle "CBM 150 Extra"]
[Source "ChessBase"]
[SourceDate "2012.10.19"]
[SourceVersion "1"]
[SourceVersionDate "2012.10.19"]
[SourceQuality "1"]
[WhiteTeam "Taiwan (W)"]
[BlackTeam "Qatar (W)"]
[WhiteTeamCountry "TPE"]
[BlackTeamCountry "QAT"]

1. e4 e5 2. Nf3 Nf6 3. Nxe5 d6 4. Nf3 Nxe4 5. Nc3 Nxc3 6. dxc3 Be7 7. Be3 Be6 8. Qd2 Nc6 9. Bd3 Qd7 10. 0-0-0 a6 11. h3 0-0-0 12. Nd4 Nxd4 13. Bxd4 f6 14. Rhe1 c5 15. Be3 g6 16. Qe2 Rhe8 17. Bxc5 dxc5 18. Qxe6 Qxe6 19. Rxe6 f5 20. Rde1 Bg5+ 21. Kb1 Rxe6 22. Rxe6 c4 23. Be2 Kd7 24. Bxc4 Kc7 25. Re1 Rd2 26. Rf1 Rd7 27. Bd3 Re7 28. a3 f4 29. f3 Bh4 30. Be4 Rd7 31. Kc1 b6 32. Rd1 Re7 33. Rd4 b5 34. Kb1 Bf2 35. Rd5 Be3 36. h4 Rg7 37. Rg5 Re7 38. h5 Rxe4 39. fxe4 f3 40. Rg3 f2 41. Rf3 Kd6 42. hxg6 hxg6 43. e5+ Ke6 44. Ka2 g5 45. Kb3 g4 46. Rf8 Kxe5 47. g3 Bc5 48. Rf7 Ke4 49. c4 Ke3 50. cxb5 axb5 51. c4 Ke2 52. cxb5 f1Q 53. Rxf1 Kxf1 54. Kc4 Bb6 55. a4 Kf2 56. b4 Kxg3 1/2-1/2

[Event "Arab Games (Women)"]
[Site "Doha"]
[Date "2011.12.19"]
[Round "6"]
[White "Mona, Khaled"]
[Black "Al Khelaifi, Aisha"]
[Result "1-0"]
[WhiteElo "2109"]
[BlackElo "1674"]
[PlyCount "65"]
[EventDate "2011.12.13"]
[EventType "team-swiss"]
[EventRounds "9"]
[EventCountry "QAT"]
[SourceTitle "CBM 145 Extra"]
[Source "ChessBase"]
[SourceDate "2012.01.03"]
[SourceVersion "1"]
[SourceVersionDate "2012.01.03"]
[SourceQuality "1"]
[WhiteTeam "Egypt (W)"]
[BlackTeam "Qatar (W)"]
[WhiteTeamCountry "EGY"]
[BlackTeamCountry "QAT"]

1. d4 d5 2. c4 c6 3. Nf3 Nf6 4. Qc2 dxc4 5. e4 b5 6. b3 Bg4 7. bxc4 bxc4 8. Nbd2 e6 9. Bxc4 Bb4 10. 0-0 Bxd2 11. Bxd2 Bxf3 12. gxf3 Qxd4 13. Rfd1 Qe5 14. Bb4 Nbd7 15. Qd2 h6 16. Rac1 Qg5+ 17. Qxg5 hxg5 18. Bd6 a5 19. Bf1 g4 20. e5 Nd5 21. fxg4 Ne7 22. Bg2 Ra6 23. f4 Nd5 24. Bf1 Rb6 25. Rd4 Nf8 26. Ra4 f6 27. Rxa5 Kf7 28. Ra7+ Kg6 29. exf6 Nxf6 30. Bd3+ Kh6 31. g5+ Kh5 32. gxf6 gxf6 33. Ra8 1-0

[Event "Arab Games (Women)"]
[Site "Doha"]
[Date "2011.12.17"]
[Round "5"]
[White "Al Khelaifi, Aisha"]
[Black "Latreche, Khadidja"]
[Result "0-1"]
[WhiteElo "1674"]
[BlackElo "1936"]
[PlyCount "100"]
[EventDate "2011.12.13"]
[EventType "team-swiss"]
[EventRounds "9"]
[EventCountry "QAT"]
[SourceTitle "CBM 145 Extra"]
[Source "ChessBase"]
[SourceDate "2012.01.03"]
[SourceVersion "1"]
[SourceVersionDate "2012.01.03"]
[SourceQuality "1"]
[WhiteTeam "Qatar (W)"]
[BlackTeam "Algeria (W)"]
[WhiteTeamCountry "QAT"]
[BlackTeamCountry "ALG"]

1. e4 c5 2. Nf3 g6 3. Bc4 Bg7 4. 0-0 Nc6 5. c3 d6 6. h3 Nf6 7. Re1 0-0 8. d4 cxd4 9. cxd4 a6 10. a4 Qb6 11. Nc3 e6 12. Rb1 Nxe4 13. Rxe4 d5 14. Bxd5 exd5 15. Nxd5 Qd8 16. Ne3 f5 17. Rh4 Bf6 18. Rh6 Nxd4 19. Nxd4 Bxd4 20. Qb3+ Kh8 21. Qc4 f4 22. Nd5 Bg7 23. Bxf4 Be6 24. Rd1 Rf5 25. Bc7 Rxd5 26. Rxd5 Qxd5 27. Qxd5 Bxd5 28. Rh4 Rc8 29. Bg3 Rc4 30. Rxc4 Bxc4 31. a5 Bxb2 32. Bc7 Kg8 33. Kh2 Kf7 34. Kg3 Ke6 35. Kf4 Bc1+ 36. Kf3 Bd5+ 37. Kg3 Ba3 38. f4 Bc5 39. h4 h5 40. Bd8 Bd6 41. Bb6 Kf5 42. Be3 Bb4 43. Bb6 Bd2 44. Bc7 Be1+ 45. Kh3 Bc4 46. g3 Bf1+ 47. Kh2 Bf2 48. Bd8 Kg4 49. Bg5 Bxg3+ 50. Kg1 Bh3 0-1

[Event "Arab Games rapid (Women)"]
[Site "Doha"]
[Date "2011.12.12"]
[Round "8"]
[White "Wafa, Shrook"]
[Black "Al Khelaifi, Aisha"]
[Result "1-0"]
[WhiteElo "1873"]
[BlackElo "1674"]
[PlyCount "90"]
[EventDate "2011.12.11"]
[EventType "swiss (rapid)"]
[EventRounds "9"]
[EventCountry "QAT"]
[SourceTitle "CBM 145 Extra"]
[Source "ChessBase"]
[SourceDate "2012.01.03"]
[SourceVersion "1"]
[SourceVersionDate "2012.01.03"]
[SourceQuality "1"]

1. e4 e5 2. Nf3 Nf6 3. Nxe5 d6 4. Nf3 Nxe4 5. Nc3 Nxc3 6. dxc3 Be7 7. Be2 Nc6 8. Bf4 Be6 9. Qd2 Qd7 10. 0-0-0 a6 11. Rhe1 0-0-0 12. Ng5 Bxg5 13. Bxg5 f6 14. Bf4 Kb8 15. c4 Qf7 16. Qc3 Rhe8 17. Kb1 Ne5 18. b3 Nd7 19. Ka1 Bf5 20. g4 Bg6 21. Rb1 Nc5 22. f3 f5 23. b4 Ne6 24. Be3 fxg4 25. fxg4 Qf6 26. Qxf6 gxf6 27. Bd3 Nf8 28. Bd4 Nd7 29. h4 Ne5 30. Bxe5 Bxd3 31. Bxf6 Rxe1 32. Rxe1 Rf8 33. cxd3 Rxf6 34. Re8+ Ka7 35. Re7 Rh6 36. h5 Kb6 37. Kb2 Kc6 38. Kc3 Kb6 39. a4 c5 40. b5 axb5 41. cxb5 Ka7 42. a5 Kb8 43. b6 Kc8 44. Re8+ Kd7 45. a6 d5 1-0